| 000 | 00810nam a22002537i 4500 | ||
|---|---|---|---|
| 999 |
_c23157 _d23157 |
||
| 003 | AR-CdUCM | ||
| 008 | 241216b19981998 pe||||| |||| 00| 0 spa d | ||
| 040 |
_aMUNICIPALIDAD PROVINCIAL DEL CUSCO _cBIBLIOTECA MUNICIPAL DEL CUSCO |
||
| 041 | _hspa | ||
| 082 |
_a781 / G66 _bG66 |
||
| 100 |
_aGonzales Ríos, Yolanda _98463 |
||
| 245 | _aCerrito de Huacsapata / | ||
| 260 |
_aCusco : _c1998 |
||
| 300 |
_a117 páginas. : _c21 cm. |
||
| 500 | _zBibliografía: páginas 105-116 | ||
| 505 | _aEl wayño Cerrito de Huacsapata -- La estudiantina Puno -- La música popular de Puno 1924-1982 | ||
| 650 |
_aMúsica _91443 |
||
| 650 |
_aFolklore _950910 |
||
| 650 |
_aArte _9561 |
||
| 650 |
_aNaturaleza _94241 |
||
| 700 |
_aGonzalez Ríos, José _932615 |
||
| 942 |
_2ddc _cLIBROS |
||
| 945 |
_apbj _d16-12-2024 |
||